000 01037nam a2200313Ia 4500
003 GCL
008 140319s9999 xx 000 0 ara d
020 _a9006270977
040 _aGCL /
_cGCL
082 0 4 _aق
_b953.0738
_bاد
100 1 _aايمن فؤاد سيد
245 1 0 _aالدولة الفاطمية فى مصر :
_bتفسير جديد /
_cايمن فؤاد سيد
260 _aالقاهرة :
_bالدار المصرية اللبنانية ،
_c1992
300 _a478 ص:
_bايض ؛
_c24 سم
490 _a
650 0 4 _aمصر
650 0 4 _aالدولة الفاطمية
650 0 4 _aالتجارة
650 0 4 _aالزراعة
650 0 4 _aالاثار الاسلامية
650 0 4 _aالجيش
650 0 4 _aالاسطول
650 0 4 _aالمجتمع المصرى
650 0 4 _aالاحتفالات العامة
650 0 4 _aالصناعة
650 0 4 _aالاوضاع الاجتماعية
650 0 4 _aمصر - تاريخ - العصر الفاطمى ( 969-1171 م )
942 _2ddc
_cBK
999 _c52876
_d52876